| 000 | 00809nam a2200265 i 4500 | ||
|---|---|---|---|
| 001 | 33622 | ||
| 003 | BD-RjUL | ||
| 005 | 20211209052033.0 | ||
| 008 | 140510s1974 fr af b i000 0 eng | ||
| 020 | _a9231011790 | ||
| 035 | _a(BD-RjUL)33713 | ||
| 040 |
_aDLC _cDLC _dDLC _dBD-RjUL _beng |
||
| 041 | _aeng | ||
| 082 | 0 | 0 |
_a306.02 _bMBC 1974 |
| 100 | 1 |
_aMbughuni, L. A. _9102065 |
|
| 245 | 1 | 4 |
_aThe cultural policy of the United Republic of Tanzania / _cL. A. Mbughuni. |
| 260 |
_aParis : _bUnesco Press, _cc1974. |
||
| 300 |
_a72 p., [2] leaves of plates : _bill. ; _c25 cm. |
||
| 504 | _aBibliography: p. 63-64. | ||
| 651 | 0 |
_aTanzania _xCultural policy. _9102067 |
|
| 942 |
_2ddc _cBK |
||
| 999 |
_c33622 _d33622 |
||